000 00771nam a2200265 a 4500
001 25597
003 BD-RjUL
005 20211209050912.0
008 890208r19891983enk 000 0beng d
020 _a0002720191
035 _a(BD-RjUL) 25667
040 _aDLC
_beng
_cDLC
_dBD-RjUL
041 _aeng
082 0 4 _a945.5
_219
_bGAE 1983
100 1 _aGage, Nicholas.
_978673
245 1 0 _aEleni /
_cNicholas Gage
260 _aNew york :
_bRandom House,
_c c1983.
300 _a470 p. ;
_c22 cm
500 _aOriginally published: London : Collins, 1983
600 1 0 _aGatzoyiannis, Eleni
_978680
650 0 _aMurder
_zGreece
_zLia
_xHistory
_y20th century
_978675
651 0 _aGreece
_xHistory
_yCivil War, 1944-1949
_978676
942 _2ddc
_cBK
999 _c25597
_d25597